000 00852cam a2200205 4500
001 WB3802-07
008 020117n2002 000 0 eng u
035 _a(Sirsi) u116364
245 _aSupport network for e-commerce
260 _c2002
490 _aBritish Chambers of Commerce News Release
_v 15 January 2002, (3)
520 _aIn an initiative to help small firms exploit e-commerce, technology and banking companies have partnered with the BCC, to set up the first support network of eBusiness Clubs to help more small businesses trade online. The UK-wide initiative will see the creation of 16 eBusiness Clubs.
590 _aWB
650 _aE-COMMERCE
650 _aSMALL BUSINESSES
650 _aBUSINESS
650 _aMANAGEMENT-BUSINESS MANAGEMENT-INFORMATION MANAGEMENT
690 _aMANAGEMENT-BUSINESS MANAGEMENT
942 _n0
999 _c69310
_d69310